[Event "IV Torneo A Primavera Vomero"]
[Site "Napoli ITA"]
[Date "2007.04.19"]
[Round "5"]
[White "Della Ragione, Achille"]
[Black "Improta, Giovanni"]
[Result "0-1"]
[WhiteElo "2004"]
[BlackElo "1742"]
[PlyCount "158"]
[EventDate "2007.03.22"]

1. c4 g6 2. Nc3 Bg7 3. g3 c6 4. Bg2 d6 5. d3 Nd7 6. e4 e5 7. Nge2 h5 8. O-O h4
9. h3 hxg3 10. fxg3 Qb6+ 11. Kh2 Ndf6 12. d4 exd4 13. Na4 Qa5 14. Nxd4 Ng4+ 15.
Kg1 Ne5 16. b3 Bxh3 17. Bxh3 Rxh3 18. Kg2 Rh5 19. Bb2 O-O-O 20. Bc3 Qc7 21. Rc1
Qd7 22. Rh1 Ng4 23. Qf3 Ne5 24. Qe2 Nf6 25. Rxh5 Nxh5 26. c5 d5 27. b4 Bh6 28.
Rf1 Nc4 29. Nc2 Re8 30. e5 f6 31. Qd3 Qg4 32. Qf3 Nf4+ 33. Kg1 Ne2+ 34. Kg2
Qxf3+ 35. Rxf3 Nxc3 36. Nxc3 fxe5 37. b5 Rf8 38. bxc6 Rxf3 39. cxb7+ Kxb7 40.
Kxf3 Kc6 41. Nb4+ Kxc5 42. Nbxd5 Kd4 43. Ke2 Bd2 44. Nb5+ Kxd5 45. Nxa7 Bb4 46.
a4 Nb6 47. Nb5 Nxa4 48. Nc7+ Ke4 49. Ne8 Nc3+ 50. Kf2 Nd5 51. Ng7 Bc5+ 52. Ke2
Bg1 53. Kf1 Ba7 54. Kg2 Ne3+ 55. Kh3 Kf3 56. Ne6 Bb8 57. Ng5+ Ke2 58. Ne4 Kd3
59. Nc5+ Kd4 60. Ne6+ Kd5 61. Nf8 g5 62. Nh7 g4+ 63. Kh4 Ke4 64. Nf8 Kf5 65.
Kh5 e4 66. Nd7 Bxg3 67. Nc5 Be1 68. Nb3 Ke5 69. Nc1 g3 70. Ne2 g2 71. Kg5 Bf2
72. Kh5 g1=Q 73. Nxg1 Bxg1 74. Kh4 Nf5+ 75. Kg4 Bc5 76. Kh3 Kd4 77. Kg2 Kd3 78.
Kf1 Kd2 79. Kg2 e3 0-1

[Event "IV Torneo A Primavera Vomero"]
[Site "Napoli ITA"]
[Date "2007.04.19"]
[Round "5"]
[White "Gallo, Thomas Renato"]
[Black "Benedetto, Massimo"]
[Result "0-1"]
[WhiteElo "1837"]
[BlackElo "1927"]
[PlyCount "94"]
[EventDate "2007.03.22"]

1. d4 d5 2. Nf3 Nf6 3. c4 c6 4. e3 a6 5. Nc3 Bg4 6. Be2 e6 7. b3 Bb4 8. Bd2 O-O
9. O-O Nbd7 10. Rc1 Ba3 11. Ra1 h6 12. Qc2 Ne4 13. Bc1 Be7 14. Nxe4 dxe4 15.
Ne5 Nxe5 16. dxe5 Bxe2 17. Qxe2 Qd3 18. Qxd3 exd3 19. Bd2 a5 20. Rfd1 Rfd8 21.
a3 b5 22. cxb5 cxb5 23. Bc3 Bxa3 24. Rxa3 b4 25. Bxb4 axb4 26. Rxa8 Rxa8 27. h3
Rc8 28. Rxd3 Rc3 29. Rd2 Rxb3 30. Kf1 Kh7 31. Ke2 Ra3 32. Rb2 b3 33. Kd3 Ra2
34. Kc3 Kg6 35. Kxb3 Rxb2+ 36. Kxb2 Kf5 37. Kb3 Kxe5 38. Kc3 Ke4 39. Kd2 e5 40.
f3+ Kd5 41. Kd3 e4+ 42. Ke2 f5 43. h4 g5 44. g3 g4 45. f4 Kc4 46. Kd2 Kb3 47.
h5 Kb2 0-1

[Event "IV Torneo A Primavera Vomero"]
[Site "Napoli ITA"]
[Date "2007.04.19"]
[Round "5"]
[White "Pinto, Gaetano"]
[Black "Schiappoli, Dario"]
[Result "1-0"]
[WhiteElo "2024"]
[BlackElo "1942"]
[PlyCount "60"]
[EventDate "2007.03.22"]

1. d4 c5 2. c3 Nf6 3. Nf3 b6 4. Bf4 Bb7 5. e3 Nh5 6. Bg5 h6 7. Bh4 g5 8. Bg3
Nxg3 9. hxg3 Bg7 10. Nbd2 e6 11. Bd3 Nc6 12. Qe2 Qe7 13. Ba6 Bxa6 14. Qxa6 cxd4
15. exd4 O-O 16. O-O f5 17. Rfe1 g4 18. Ne5 Nxe5 19. dxe5 f4 20. gxf4 Rxf4 21.
g3 Rf5 22. Qe2 Qg5 23. Nc4 Raf8 24. Rad1 b5 25. Ne3 Rf3 26. Rxd7 h5 27. Ng2 a6
28. Qd2 Qf5 29. Re2 Bxe5 30. Qc2 Qf6 1-0

[Event "IV Torneo A Primavera Vomero"]
[Site "Napoli ITA"]
[Date "2007.04.19"]
[Round "5"]
[White "Sorrentino, Michele"]
[Black "Lombardo, Michele"]
[Result "0-1"]
[WhiteElo "2007"]
[BlackElo "1758"]
[PlyCount "62"]
[EventDate "2007.03.22"]

1. d4 Nf6 2. Nf3 g6 3. Nc3 Bg7 4. Bg5 d6 5. e4 O-O 6. Qd2 Nbd7 7. Bd3 c5 8.
dxc5 Nxc5 9. O-O a6 10. Rae1 b5 11. a3 Bb7 12. Bh6 e6 13. Bxg7 Kxg7 14. Qe3 Qc7
15. h3 Rad8 16. Rd1 d5 17. e5 Nfd7 18. Rfe1 Nb6 19. b3 Nxd3 20. cxd3 d4 21.
Nxb5 axb5 22. Qg5 Bxf3 23. gxf3 Nd5 24. Rc1 Qa5 25. h4 Qxa3 26. h5 h6 27. Qg4
g5 28. Qe4 Nf4 29. Kh2 Qa8 30. Rc5 Qxe4 31. fxe4 Nxd3 0-1

[Event "IV Torneo A Primavera Vomero"]
[Site "Napoli ITA"]
[Date "2007.04.26"]
[Round "6"]
[White "Altieri, Danilo Mario"]
[Black "Lombardo, Michele"]
[Result "1-0"]
[WhiteElo "1974"]
[BlackElo "1758"]
[PlyCount "87"]
[EventDate "2007.03.22"]

1. e4 g6 2. Nf3 Bg7 3. c3 c6 4. d4 d5 5. e5 Bg4 6. h3 Bxf3 7. Qxf3 e6 8. Bd3
Ne7 9. Bg5 Nd7 10. Nd2 c5 11. h4 h6 12. Be3 cxd4 13. cxd4 Nc6 14. Qg3 Qe7 15.
a3 h5 16. f4 Bh6 17. Nf3 a6 18. Ng5 Nb6 19. Nxf7 Kxf7 20. Bxg6+ Kf8 21. f5 Bxe3
22. Rf1 exf5 23. Rxf5+ Kg8 24. Rf7 Qxf7 25. Bxf7+ Kxf7 26. Qxe3 Raf8 27. O-O-O
Ke7 28. Qb3 Nd7 29. Qxd5 Rh6 30. Re1 Rc8 31. Kb1 Rg6 32. e6 Nf6 33. Qc5+ Kd8
34. Qf5 Ne7 35. Qf3 Rc7 36. Re5 Nc6 37. Rg5 Rxg5 38. hxg5 Ng4 39. Qh3 Rh7 40.
g6 Rh6 41. g7 Ne7 42. d5 Nf6 43. d6 Ned5 44. Qg3 1-0

[Event "IV Torneo A Primavera Vomero"]
[Site "Napoli ITA"]
[Date "2007.04.26"]
[Round "6"]
[White "Auletta, Angelo"]
[Black "Pinto, Gaetano"]
[Result "0-1"]
[WhiteElo "2256"]
[BlackElo "2024"]
[PlyCount "58"]
[EventDate "2007.03.22"]

1. e4 e6 2. d3 Nc6 3. Nf3 e5 4. c3 Nf6 5. Be2 Be7 6. O-O O-O 7. Nbd2 Re8 8. b4
d6 9. Qc2 Bf8 10. Re1 Ne7 11. d4 Ng6 12. Bf1 c6 13. Bb2 Qc7 14. c4 b6 15. c5
bxc5 16. bxc5 dxc5 17. dxe5 Ng4 18. Nc4 Be6 19. Nd6 Red8 20. Nf5 Rab8 21. Qc3
Qb6 22. Re2 Nf4 23. Rc2 c4 24. a3 Bc5 25. N5d4 Nd3 26. Ra2 Rd7 27. h3 Ngxf2 28.
Rxf2 Nxf2 29. Kxf2 Qb3 0-1

[Event "IV Torneo A Primavera Vomero"]
[Site "Napoli ITA"]
[Date "2007.04.26"]
[Round "6"]
[White "Benedetto, Massimo"]
[Black "Esposito, Rosario"]
[Result "0-1"]
[WhiteElo "1927"]
[BlackElo "1727"]
[PlyCount "49"]
[EventDate "2007.03.22"]

1. Nf3 d5 2. b3 c5 3. e3 Nc6 4. Bb2 Bg4 5. Bb5 Qc7 6. h3 Bd7 7. O-O f6 8. Nc3
e6 9. Ne2 Bd6 10. d4 Nge7 11. dxc5 Bxc5 12. c4 a6 13. Bxc6 Bxc6 14. Nf4 Qd7 15.
Nh4 O-O-O 16. Qg4 e5 17. Ne6 h5 18. Nxc5 hxg4 19. Nxd7 Rxd7 20. g3 g5 21. cxd5
Rxd5 22. e4 Rd7 23. Nf5 Nxf5 24. exf5 Rxh3 25. f3 0-1

[Event "IV Torneo A Primavera Vomero"]
[Site "Napoli ITA"]
[Date "2007.04.26"]
[Round "6"]
[White "Cosenza, Gianni"]
[Black "De Rosa, Francesco"]
[Result "1-0"]
[WhiteElo "2028"]
[BlackElo "1949"]
[PlyCount "91"]
[EventDate "2007.03.22"]

1. e4 c5 2. Nf3 d6 3. d4 cxd4 4. Nxd4 Nf6 5. Nc3 a6 6. Be2 e5 7. Nb3 Be7 8. a4
Be6 9. Be3 Nbd7 10. O-O O-O 11. f4 Rc8 12. Bf3 exf4 13. Bxf4 Qb6+ 14. Kh1 Bxb3
15. cxb3 Nc5 16. Ra3 Rfe8 17. Re1 Ne6 18. Be3 Qb4 19. Nd5 Nxd5 20. exd5 Nc5 21.
Bd2 Qd4 22. Bc3 Qxd1 23. Rxd1 Bg5 24. b4 Nd3 25. Kg1 Be3+ 26. Kf1 Ne5 27. Be2
Ng6 28. Rb3 Nf4 29. Bf3 g6 30. b5 axb5 31. Rxb5 b6 32. a5 bxa5 33. Rxa5 Rb8 34.
g3 Nh3 35. Raa1 Ng5 36. Bg2 Bc5 37. Ra4 f5 38. b4 Bb6 39. Ra6 Ne4 40. Be1 Bd4
41. Rb1 Nc3 42. Rc1 Rbc8 43. Rxd6 Re2 44. Re6 Rb2 45. Rc6 Rxc6 46. dxc6 1-0

[Event "IV Torneo A Primavera Vomero"]
[Site "Napoli ITA"]
[Date "2007.04.26"]
[Round "6"]
[White "Ficco, Corrado"]
[Black "Capozzoli, Silvio"]
[Result "1-0"]
[WhiteElo "2178"]
[BlackElo "1909"]
[PlyCount "99"]
[EventDate "2007.03.22"]

1. e4 g6 2. d4 Bg7 3. Be3 d6 4. f4 e6 5. Nf3 h6 6. Qd2 Ne7 7. Bd3 b6 8. Nc3 Ba6
9. O-O-O Bxd3 10. Qxd3 Nd7 11. g4 c6 12. f5 d5 13. exd5 gxf5 14. gxf5 exd5 15.
Rhg1 Rg8 16. Bf4 f6 17. Qe3 Nf8 18. Bxh6 Kd7 19. Rxg7 Rxg7 20. Bxg7 Nxf5 21.
Qg1 Ne6 22. Ne5+ fxe5 23. Bxe5 Qe7 24. Re1 Re8 25. Qg2 Nexd4 26. Nxd5 Qe6 27.
Nf6+ Qxf6 28. Bxf6 Rxe1+ 29. Kd2 Re2+ 30. Qxe2 Nxe2 31. Kxe2 Ke6 32. Bd8 Kd7
33. Bg5 Ke6 34. Kd3 c5 35. Kc4 Nd6+ 36. Kd3 b5 37. h4 c4+ 38. Kd4 a5 39. Kc5 b4
40. Bf4 c3 41. bxc3 Ne4+ 42. Kb5 Nxc3+ 43. Kxa5 Nxa2 44. Bd2 Kf5 45. Ka4 Kg4
46. Kb3 Nc3 47. Bxc3 bxc3 48. Kxc3 Kxh4 49. Kb4 Kg5 50. Kc5 1-0

[Event "IV Torneo A Primavera Vomero"]
[Site "Napoli ITA"]
[Date "2007.04.26"]
[Round "6"]
[White "Miccoli, Livio"]
[Black "Vannini, Aldo"]
[Result "1-0"]
[WhiteElo "1670"]
[BlackElo "2024"]
[PlyCount "77"]
[EventDate "2007.03.22"]

1. e4 c5 2. Nc3 Nc6 3. g3 d6 4. Bg2 Nf6 5. Nge2 g6 6. O-O Bg7 7. d3 O-O 8. h3
Qc7 9. Be3 Bd7 10. Qd2 e5 11. f4 a6 12. Rf2 Nd4 13. Raf1 Nxe2+ 14. Nxe2 Ne8 15.
f5 gxf5 16. exf5 f6 17. Bd5+ Kh8 18. Bh6 Bc6 19. Be6 Qe7 20. g4 Nc7 21. Ng3
Bxh6 22. Qxh6 Qg7 23. Qxg7+ Kxg7 24. Nh5+ Kh6 25. h4 Rae8 26. Nxf6 Nxe6 27.
Nxe8 Nf4 28. g5+ Kh5 29. Nf6+ Kxh4 30. Rh2+ Nh3+ 31. Rxh3+ Kxh3 32. Nxh7 Rf7
33. g6 Rg7 34. Ng5+ Kh4 35. Ne4 Bxe4 36. dxe4 Kg5 37. f6 Rxg6 38. f7 Kh6+ 39.
Kh2 1-0

[Event "IV Torneo A Primavera Vomero"]
[Site "Napoli ITA"]
[Date "2007.04.26"]
[Round "6"]
[White "Nardiello, Luigi"]
[Black "Accardo, Francesco"]
[Result "0-1"]
[WhiteElo "1641"]
[BlackElo "1850"]
[PlyCount "70"]
[EventDate "2007.03.22"]

1. e4 a6 2. d4 h6 3. Nf3 b5 4. c4 Bb7 5. Nbd2 Nf6 6. e5 Nh7 7. Bd3 Ng5 8. Nh4
bxc4 9. Nxc4 e6 10. O-O Nh3+ 11. gxh3 Qxh4 12. Qg4 Qxg4+ 13. hxg4 c5 14. dxc5
Bxc5 15. Be3 Bxe3 16. Nd6+ Ke7 17. fxe3 Bd5 18. Rxf7+ Kd8 19. Raf1 Nc6 20. Rf8+
Kc7 21. Rxh8 Rxh8 22. e4 Bxa2 23. Nf7 Rb8 24. Bxa6 Rxb2 25. Rc1 Kb6 26. Bd3 Nb4
27. Bf1 Bb1 28. Nd6 Ba2 29. Nc8+ Kb7 30. Nd6+ Ka7 31. Rc7+ Kb6 32. Rxd7 Kc5 33.
Rxg7 Kd4 34. Rg6 Nc2 35. Rxe6 Bxe6 0-1

[Event "IV Torneo A Primavera Vomero"]
[Site "Napoli ITA"]
[Date "2007.05.03"]
[Round "7"]
[White "Capozzoli, Silvio"]
[Black "Chiummo, Sergio"]
[Result "1-0"]
[WhiteElo "1909"]
[BlackElo "1598"]
[PlyCount "51"]
[EventDate "2007.03.22"]

1. e4 e6 2. d4 d5 3. Nc3 Nf6 4. e5 Nfd7 5. f4 c5 6. Nf3 Nc6 7. Be3 cxd4 8. Nxd4
Nxd4 9. Bxd4 a6 10. Bd3 Bc5 11. Be2 Bxd4 12. Qxd4 Qb6 13. O-O-O Qxd4 14. Rxd4
Rb8 15. a4 Nc5 16. b4 Nd7 17. g4 f6 18. exf6 gxf6 19. g5 Ke7 20. Re1 fxg5 21.
Bg4 Nf8 22. Nxd5+ Kf7 23. Bh5+ Kg7 24. Nb6 h6 25. f5 Kf6 26. Rd8 1-0

[Event "IV Torneo A Primavera Vomero"]
[Site "Napoli ITA"]
[Date "2007.05.03"]
[Round "7"]
[White "Cosenza, Gianni"]
[Black "Auletta, Angelo"]
[Result "1-0"]
[WhiteElo "2028"]
[BlackElo "2256"]
[PlyCount "95"]
[EventDate "2007.03.22"]

1. e4 c5 2. Nf3 e6 3. d4 cxd4 4. Nxd4 Nf6 5. Nc3 d6 6. Be2 Be7 7. O-O a6 8. Kh1
O-O 9. f4 Qc7 10. Be3 Nc6 11. Qe1 Re8 12. Qg3 Bd7 13. Rae1 Nxd4 14. Bxd4 Bc6
15. Bd3 Rad8 16. e5 dxe5 17. Bxe5 Qc8 18. f5 Rf8 19. fxe6 fxe6 20. Qh4 h6 21.
Qg3 Rf7 22. Qg6 b5 23. Bxf6 Bxf6 24. Ne4 Bxe4 25. Rxe4 Rd5 26. Ref4 Qd8 27. Qg4
e5 28. Rf5 Rd4 29. Qf3 Qd5 30. Qg3 Qd6 31. Qf3 Qd5 32. Qg3 Qd6 33. Qf3 Qe6 34.
b3 e4 35. Re1 Bh4 36. Rxf7 Bxe1 37. Rf8+ Kh7 38. Qe3 Bc3 39. Rf4 b4 40. Bxe4+
Kg8 41. Qf3 Qd6 42. g3 Rd1+ 43. Kg2 Rd2+ 44. Kh3 Be5 45. Rg4 a5 46. Bd3 Bf6 47.
Rc4 Kf7 48. Qb7+ 1-0

[Event "IV Torneo A Primavera Vomero"]
[Site "Napoli ITA"]
[Date "2007.05.03"]
[Round "7"]
[White "De Fazio, Giovanni"]
[Black "Della Ragione, Achille"]
[Result "1-0"]
[WhiteElo "1631"]
[BlackElo "2004"]
[PlyCount "119"]
[EventDate "2007.03.22"]

1. e4 d5 2. exd5 Nf6 3. c4 c6 4. d4 e6 5. Nf3 exd5 6. Nc3 Bb4 7. a3 Bxc3+ 8.
bxc3 O-O 9. Bd3 Re8+ 10. Be3 Ng4 11. Qd2 Nxe3 12. fxe3 Qe7 13. cxd5 cxd5 14.
Ne5 f6 15. Nf3 Qxe3+ 16. Qxe3 Rxe3+ 17. Kd2 Re7 18. Rhe1 Rxe1 19. Rxe1 Bd7 20.
c4 dxc4 21. Bxc4+ Kf8 22. d5 b5 23. Bd3 g6 24. Nd4 Na6 25. Nxb5 Nc5 26. Nc3 Rb8
27. Rb1 Rxb1 28. Bxb1 Ke7 29. Ke3 Kd6 30. Ba2 f5 31. Kd4 h6 32. Bc4 g5 33. Bb5
Nb3+ 34. Kc4 Nd2+ 35. Kd4 Bc8 36. Bc6 Ba6 37. Nb5+ Bxb5 38. Bxb5 Ne4 39. Bd3
Nf6 40. Bxf5 Nxd5 41. Bg4 Nf4 42. Bf3 Ne6+ 43. Ke4 Ng7 44. Bg4 h5 45. Bf5 a5
46. a4 Nxf5 47. Kxf5 Kc5 48. Kxg5 Kb4 49. Kxh5 Kxa4 50. g4 Kb5 51. g5 a4 52. g6
a3 53. g7 a2 54. g8=Q a1=Q 55. Qb8+ Kc5 56. Qc7+ Kd5 57. Qd7+ Ke4 58. Qc6+ Kf4
59. Qc4+ Ke3 60. Qc5+ 1-0

[Event "IV Torneo A Primavera Vomero"]
[Site "Napoli ITA"]
[Date "2007.05.03"]
[Round "7"]
[White "De Meo, Guido"]
[Black "Gallo, Thomas Renato"]
[Result "1-0"]
[WhiteElo "1724"]
[BlackElo "1837"]
[PlyCount "95"]
[EventDate "2007.03.22"]

1. d4 d6 2. Nf3 g6 3. g3 Bg7 4. Bg2 Nf6 5. O-O O-O 6. h3 c6 7. c4 Nbd7 8. d5
cxd5 9. cxd5 Qa5 10. Nc3 b5 11. Nd4 Bb7 12. Ndxb5 Nb6 13. e4 Ba6 14. a4 Rfc8
15. Re1 Nc4 16. Rb1 Nd7 17. b4 Qd8 18. Ne2 Bxb5 19. axb5 Qb6 20. Qa4 Nde5 21.
Rd1 Rab8 22. Nd4 Rb7 23. Nc6 Kf8 24. Bf1 Ke8 25. Kg2 Ra8 26. Nd4 h6 27. Qb3 Rc7
28. f4 Nd7 29. Nc6 Nce5 30. fxe5 Nxe5 31. Be3 Qb7 32. Bd4 Rac8 33. Ra1 Nxc6 34.
bxc6 Bxd4 35. Rxd4 Qb6 36. Rd2 e5 37. Ra6 Qb8 38. Rda2 Kf8 39. b5 Re8 40. Qb4
Rce7 41. Rf2 Kg7 42. Bd3 Rf8 43. b6 f5 44. exf5 gxf5 45. Bxf5 Ref7 46. Qg4+ Kh8
47. b7 Qc7 48. Rxa7 1-0

[Event "IV Torneo A Primavera Vomero"]
[Site "Napoli ITA"]
[Date "2007.05.03"]
[Round "7"]
[White "De Rosa, Francesco"]
[Black "Schiappoli, Dario"]
[Result "1-0"]
[WhiteElo "1949"]
[BlackElo "1942"]
[PlyCount "45"]
[EventDate "2007.03.22"]

1. d4 Nf6 2. Nf3 c5 3. d5 b5 4. a4 Bb7 5. e4 Nxe4 6. axb5 e6 7. dxe6 fxe6 8.
Nbd2 Qf6 9. Nxe4 Bxe4 10. Be2 d6 11. O-O Be7 12. Ng5 Bb7 13. Bg4 Bd5 14. Qe2 e5
15. Rd1 h6 16. Ne4 Qf7 17. Ra3 Bc4 18. Qe1 Be6 19. Rf3 Qg6 20. Nxd6+ Bxd6 21.
Rxd6 Qxg4 22. Qxe5 Ke7 23. Re3 1-0

[Event "IV Torneo A Primavera Vomero"]
[Site "Napoli ITA"]
[Date "2007.05.03"]
[Round "7"]
[White "Nardiello, Luigi"]
[Black "Miccoli, Livio"]
[Result "1-0"]
[WhiteElo "1641"]
[BlackElo "1670"]
[PlyCount "53"]
[EventDate "2007.03.22"]

1. e4 e6 2. d4 d5 3. Nc3 Nf6 4. e5 Nfd7 5. f4 c5 6. Nf3 Nc6 7. Be3 Qb6 8. Na4
Qa5+ 9. c3 cxd4 10. Nxd4 Be7 11. Bd3 a6 12. Nxc6 bxc6 13. b4 Qc7 14. Qh5 g6 15.
Qh6 Bf8 16. Qh3 Bg7 17. Nc5 O-O 18. O-O Re8 19. Rf2 Bf8 20. Nxd7 Bxd7 21. g4 c5
22. a3 a5 23. f5 axb4 24. fxg6 fxg6 25. Rf7 Kxf7 26. Qxh7+ Bg7 27. Rf1+ 1-0

[Event "IV Torneo A Primavera Vomero"]
[Site "Napoli ITA"]
[Date "2007.05.03"]
[Round "7"]
[White "Radice, Mario"]
[Black "Vannini, Aldo"]
[Result "1-0"]
[WhiteElo "2033"]
[BlackElo "2024"]
[PlyCount "84"]
[EventDate "2007.03.22"]

1. e4 c5 2. Nf3 d6 3. d4 cxd4 4. Nxd4 Nf6 5. Nc3 a6 6. Bc4 e5 7. Nf5 Nc6 8. O-O
b5 9. Bd5 Bb7 10. a3 Qc7 11. Bg5 h6 12. Bxf6 gxf6 13. Ba2 Na5 14. Nd5 Bxd5 15.
Bxd5 Rd8 16. Ne3 Nc6 17. Bxc6+ Qxc6 18. Nd5 Bg7 19. Qg4 Kf8 20. c3 Qd7 21. Qxd7
Rxd7 22. g4 h5 23. h3 hxg4 24. hxg4 f5 25. gxf5 f6 26. Kg2 Kf7 27. Rh1 Rdd8 28.
Rxh8 Rxh8 29. Rh1 Rxh1 30. Kxh1 Bh6 31. b3 Bc1 32. a4 bxa4 33. bxa4 Ba3 34. Kg2
Bc5 35. Kf3 Kg7 36. Ke2 Kf7 37. a5 Kg7 38. Nc7 Kh6 39. Nxa6 Ba7 40. Nc7 Kg5 41.
a6 Kf4 42. f3 d5 1-0

[Event "IV Torneo A Primavera Vomero"]
[Site "Napoli ITA"]
[Date "2007.05.03"]
[Round "7"]
[White "Ricci, Giuseppe"]
[Black "Pinto, Gaetano"]
[Result "0-1"]
[WhiteElo "1946"]
[BlackElo "2024"]
[PlyCount "96"]
[EventDate "2007.03.22"]

1. e4 e6 2. d4 d5 3. Nc3 dxe4 4. Nxe4 Nd7 5. Nf3 Ngf6 6. Bd3 c5 7. Nxf6+ Nxf6
8. O-O cxd4 9. Nxd4 Bc5 10. Nb3 Bd6 11. Bg5 Bd7 12. Re1 Qc7 13. h3 O-O-O 14. c4
Kb8 15. c5 Bh2+ 16. Kh1 Bf4 17. Bxf4 Qxf4 18. Qc2 Ba4 19. Bf1 Rd5 20. Qc4 Qxc4
21. Bxc4 Bxb3 22. Bxd5 Bxd5 23. Kg1 a5 24. Re3 Rc8 25. Rc1 Ne4 26. Ra3 b6 27.
Rb1 Rxc5 28. b4 Rb5 29. f3 Nd2 30. Rd1 Nc4 31. Rc3 Rxb4 32. Rd4 b5 33. Rf4 Rb1+
34. Kh2 Nd6 35. a3 Kb7 36. g4 Kb6 37. g5 Nf5 38. Rc8 Rb2+ 39. Kg1 b4 40. axb4
Rxb4 41. Rb8+ Kc5 42. Rc8+ Kb5 43. Rxb4+ axb4 44. Kf2 Ka4 45. f4 Ka3 46. Ke2 b3
47. Kd2 b2 48. Rc3+ Bb3 0-1

[Event "C.to Provinciale AT"]
[Site "Asti ITA"]
[Date "2007.03.22"]
[Round "1"]
[White "Blundo, Michele"]
[Black "Cova, Alessandro"]
[Result "1-0"]
[WhiteElo "1742"]
[BlackElo "1923"]
[PlyCount "97"]
[EventDate "2007.03.22"]

1. d4 Nf6 2. c4 e6 3. Nc3 Bb4 4. Qc2 O-O 5. Nf3 b6 6. e3 Bb7 7. Bd3 d6 8. e4 c5
9. d5 exd5 10. exd5 Re8+ 11. Be3 b5 12. b3 bxc4 13. bxc4 Qa5 14. Kd2 Nbd7 15.
Rhc1 Nb6 16. Kd1 Bxc3 17. Qxc3 Qxc3 18. Rxc3 Ne4 19. Rc2 Na4 20. Rac1 h6 21. g4
Bc8 22. h3 h5 23. Bxe4 Rxe4 24. Ng5 Re8 25. gxh5 f6 26. Ne6 Bxe6 27. dxe6 Rxe6
28. Rd2 Rd8 29. Kc2 Rb8 30. Rb1 Rxb1 31. Kxb1 Nc3+ 32. Kc1 Na4 33. Bf4 Re4 34.
Bxd6 Rxc4+ 35. Rc2 Rxc2+ 36. Kxc2 Kf7 37. Kb3 Ke6 38. Bf8 Kf7 39. h6 gxh6 40.
Bxh6 Nb6 41. Be3 Ke6 42. Bxc5 Nd5 43. Bxa7 Nf4 44. h4 Kd5 45. a4 Ng6 46. h5 Ne5
47. h6 Nf7 48. h7 f5 49. a5 1-0

[Event "C.to Provinciale AT"]
[Site "Asti ITA"]
[Date "2007.03.22"]
[Round "1"]
[White "Castellano, Alfonso"]
[Black "Idili, Leonardo"]
[Result "1/2-1/2"]
[WhiteElo "1949"]
[BlackElo "1758"]
[PlyCount "69"]
[EventDate "2007.03.22"]

1. c4 Nf6 2. Nc3 g6 3. g3 Bg7 4. Bg2 d6 5. e4 O-O 6. Nge2 c5 7. O-O Nc6 8. d3
a6 9. h3 Rb8 10. a4 Bd7 11. Be3 Qc7 12. Rc1 Nb4 13. d4 b5 14. cxb5 axb5 15.
axb5 Bxb5 16. Nxb5 Rxb5 17. dxc5 dxc5 18. Nc3 Ra5 19. Na4 Rd8 20. Qb3 Nd3 21.
Rc4 Qb8 22. Qa3 Qb5 23. b3 Rb8 24. Rb1 Qxc4 25. bxc4 Rxb1+ 26. Bf1 Ne5 27. Bxc5
Nxe4 28. Qa2 Rxf1+ 29. Kxf1 Nxc5 30. Qa3 Rxa4 31. Qxc5 Rxc4 32. Qxe7 Rc1+ 33.
Kg2 h5 34. Qa3 Rc8 35. Qa6 1/2-1/2

[Event "C.to Provinciale AT"]
[Site "Asti ITA"]
[Date "2007.03.22"]
[Round "1"]
[White "Crepaldi, Marco"]
[Black "Nardelli, Marco"]
[Result "0-1"]
[WhiteElo "1898"]
[BlackElo "2139"]
[PlyCount "48"]
[EventDate "2007.03.22"]

1. e4 c5 2. Nf3 Nc6 3. d4 cxd4 4. Nxd4 Nf6 5. Nc3 e5 6. Ndb5 d6 7. Bg5 a6 8.
Na3 b5 9. Nd5 Be7 10. Bxf6 Bxf6 11. c3 Rb8 12. Nc2 Bg5 13. Nce3 Be6 14. Be2 O-O
15. O-O Ne7 16. Nxe7+ Qxe7 17. Nd5 Qb7 18. Rb1 f5 19. Bf3 Bxd5 20. exd5 Rfc8
21. Qb3 Rc4 22. Rfd1 Rf4 23. Kf1 Qb6 24. Qc2 e4 0-1

[Event "C.to Provinciale AT"]
[Site "Asti ITA"]
[Date "2007.03.22"]
[Round "1"]
[White "Fogliati, Alessandro"]
[Black "Forno, Roberto"]
[Result "0-1"]
[WhiteElo "1808"]
[BlackElo "1955"]
[PlyCount "66"]
[EventDate "2007.03.22"]

1. c4 e6 2. Nf3 d5 3. d4 Nf6 4. Nc3 c6 5. e3 a6 6. Bd3 b5 7. c5 Nbd7 8. O-O b4
9. Na4 Qc7 10. Re1 Be7 11. b3 e5 12. Nd2 O-O 13. Nf1 Re8 14. Bb2 e4 15. Be2 Rb8
16. Ng3 g6 17. f4 exf3 18. gxf3 Bf8 19. Bf1 h5 20. Bc1 h4 21. Nh1 Bh6 22. Qd3
Nf8 23. Nb6 Bf5 24. Qxa6 Ne6 25. Bb2 Ng5 26. Qe2 Rxe3 27. Qxe3 Nh3+ 28. Bxh3
Bxe3+ 29. Rxe3 Bxh3 30. Rae1 Qf4 31. R3e2 Qxf3 32. Rf2 Qg4+ 33. Ng3 hxg3 0-1

[Event "C.to Provinciale AT"]
[Site "Asti ITA"]
[Date "2007.03.22"]
[Round "1"]
[White "Grattarola, Fabio"]
[Black "Sattanino, Andrea"]
[Result "1/2-1/2"]
[WhiteElo "2133"]
[BlackElo "1891"]
[PlyCount "84"]
[EventDate "2007.03.22"]

1. d4 d5 2. Nf3 Nf6 3. Bf4 e6 4. e3 Be7 5. Ne5 Nbd7 6. Nd2 c5 7. c3 O-O 8. Bd3
Re8 9. Qf3 Nf8 10. g4 c4 11. Bc2 Bd6 12. g5 Bxe5 13. dxe5 N6d7 14. Qh3 Ng6 15.
Nf3 Qb6 16. Rb1 Ndf8 17. Rg1 Nxf4 18. exf4 g6 19. Qh6 Qc5 20. Rg3 b5 21. Nd4 a5
22. h4 b4 23. h5 Bd7 24. Rh3 Qe7 25. Kd2 Rab8 26. Rbh1 bxc3+ 27. bxc3 Rb2 28.
hxg6 fxg6 29. Ra1 Qg7 30. Qh4 Reb8 31. a4 Qf7 32. Rhh1 Qe8 33. Ke3 Qf7 34. Qg4
Be8 35. Rac1 Bd7 36. Qd1 Qe8 37. Qg4 Qe7 38. Ra1 Qc5 39. Rhc1 Qe7 40. Qg2 Qe8
41. Rh1 Qe7 42. Qh3 R8b7 1/2-1/2

[Event "C.to Provinciale AT"]
[Site "Asti ITA"]
[Date "2007.03.22"]
[Round "1"]
[White "Martin, Tiziano"]
[Black "Marson, Antonio"]
[Result "1-0"]
[WhiteElo "2014"]
[BlackElo "1852"]
[PlyCount "65"]
[EventDate "2007.03.22"]

1. d4 e6 2. Nf3 d6 3. e4 a6 4. Bd3 g6 5. Bg5 Ne7 6. Bf6 Rg8 7. Nbd2 Nd7 8. Bg5
Bg7 9. c3 b6 10. Qe2 Bb7 11. h4 h6 12. Bf4 Rh8 13. g4 b5 14. Bg3 Nb6 15. O-O
Qd7 16. b3 Kf8 17. Nh2 Ng8 18. f4 Ke7 19. f5 Re8 20. e5 Kd8 21. f6 Bf8 22. Be4
Kc8 23. a4 c6 24. axb5 cxb5 25. Nhf3 Nd5 26. Rfc1 Kb8 27. c4 Ndxf6 28. exf6
Nxf6 29. Bxb7 Qxb7 30. c5 Rc8 31. cxd6 Nd7 32. Ne5 Bg7 33. Qe4 1-0

[Event "C.to Provinciale AT"]
[Site "Asti ITA"]
[Date "2007.03.22"]
[Round "1"]
[White "Monticone, Sonia"]
[Black "Finocchiaro, Gianluca"]
[Result "0-1"]
[WhiteElo "1667"]
[BlackElo "1919"]
[PlyCount "86"]
[EventDate "2007.03.22"]

1. c4 f5 2. Nc3 e5 3. g3 Nf6 4. Bg2 g6 5. e3 Bg7 6. Nge2 O-O 7. d4 exd4 8. exd4
d6 9. O-O c6 10. Rb1 Nh5 11. Nf4 Nxf4 12. Bxf4 g5 13. Bc1 Nd7 14. Re1 h6 15. d5
c5 16. Nb5 Ne5 17. b3 a6 18. Na3 f4 19. Bb2 fxg3 20. hxg3 Bg4 21. Qd2 Bf3 22.
Bxe5 Bxe5 23. Qd3 Bxg2 24. Qg6+ Bg7 25. Qe6+ Kh8 26. Kxg2 Rf6 27. Qe7 Qa5 28.
Nc2 Qxa2 29. Qe4 Raf8 30. Rf1 Qa5 31. Ne3 Qd2 32. Ng4 Rf3 33. Qxf3 Rxf3 34.
Kxf3 b5 35. Ne3 Qd3 36. Rfd1 g4+ 37. Kxg4 Qe4+ 38. Kh3 Qf3 39. Kh2 Qxf2+ 40.
Ng2 Be5 41. Rd3 Qf5 42. Rbd1 Qh5+ 43. Nh4 Qxh4+ 0-1

[Event "C.to Provinciale AT"]
[Site "Asti ITA"]
[Date "2007.03.22"]
[Round "1"]
[White "Porzio, Massimo"]
[Black "Quirico, Paolo"]
[Result "0-1"]
[WhiteElo "1888"]
[BlackElo "2035"]
[PlyCount "84"]
[EventDate "2007.03.22"]

1. e4 e6 2. d4 d5 3. exd5 exd5 4. Bd3 Bd6 5. Ne2 Ne7 6. Bf4 Bg4 7. f3 Bh5 8.
Bxd6 Qxd6 9. Qd2 Bg6 10. Bxg6 Nxg6 11. Qe3+ Ne7 12. O-O Nd7 13. Re1 O-O 14. Nd2
Rfe8 15. Qf2 Nf5 16. Ng3 Nxg3 17. Qxg3 Qxg3 18. hxg3 f6 19. Kf2 Kf7 20. Rxe8
Rxe8 21. Re1 Rxe1 22. Kxe1 h5 23. Ke2 Ke6 24. Nf1 Nb6 25. Kd3 Nc8 26. Ne3 Nd6
27. b3 Nf5 28. Nxf5 Kxf5 29. c4 Ke6 30. Ke3 g5 31. c5 c6 32. b4 Kf5 33. a4 Ke6
34. Kd3 Kf5 35. Ke3 a6 36. Kd3 h4 37. gxh4 gxh4 38. Ke3 Kg5 39. Kf2 Kf4 40. Ke2
Kg3 41. Kf1 h3 42. gxh3 Kxh3 0-1